<?xml version="1.0" encoding="UTF-8"?>
<record
    xmlns:xsi="http://www.w3.org/2001/XMLSchema-instance"
    xsi:schemaLocation="http://www.loc.gov/MARC21/slim http://www.loc.gov/standards/marcxml/schema/MARC21slim.xsd"
    xmlns="http://www.loc.gov/MARC21/slim">

  <leader>00364nam a22001217a 4500</leader>
  <controlfield tag="005">20251010141238.0</controlfield>
  <datafield tag="020" ind1=" " ind2=" ">
    <subfield code="a">9781032421414</subfield>
  </datafield>
  <datafield tag="082" ind1=" " ind2=" ">
    <subfield code="a">589.20438 PAN.E</subfield>
  </datafield>
  <datafield tag="100" ind1=" " ind2=" ">
    <subfield code="a">T.J. Pandian</subfield>
    <subfield code="9">2842</subfield>
  </datafield>
  <datafield tag="245" ind1=" " ind2=" ">
    <subfield code="a">Evolution and speciation in fungi and eukaryotic biodiversity /</subfield>
  </datafield>
  <datafield tag="260" ind1=" " ind2=" ">
    <subfield code="a">Boca Raton :</subfield>
    <subfield code="b">CRC Press - Taylor and Francis group ,</subfield>
    <subfield code="c">c2024.</subfield>
  </datafield>
  <datafield tag="942" ind1=" " ind2=" ">
    <subfield code="2">ddc</subfield>
    <subfield code="c">BK</subfield>
  </datafield>
  <datafield tag="999" ind1=" " ind2=" ">
    <subfield code="c">752192</subfield>
    <subfield code="d">752192</subfield>
  </datafield>
  <datafield tag="952" ind1=" " ind2=" ">
    <subfield code="0">0</subfield>
    <subfield code="1">0</subfield>
    <subfield code="2">ddc</subfield>
    <subfield code="4">0</subfield>
    <subfield code="7">0</subfield>
    <subfield code="a">BOT</subfield>
    <subfield code="b">BOT</subfield>
    <subfield code="c">REF</subfield>
    <subfield code="d">2025-10-10</subfield>
    <subfield code="e">Modern Book Center</subfield>
    <subfield code="l">0</subfield>
    <subfield code="o">589.20438 PAN.E</subfield>
    <subfield code="p">BOT10927</subfield>
    <subfield code="r">2025-10-10 08:46:30</subfield>
    <subfield code="w">2025-10-10</subfield>
    <subfield code="y">REF</subfield>
  </datafield>
</record>
